Logo BPK

Biblioteka

Politechniki Koszalińskiej

Fizika tonkich plenok. Sovremennoje sostojanie issledovanij i techniceskie primenenija / (Rekord nr 15652)

Szczegóły MARC
000 -ETYKIETA REKORDU
podpole kontrolne o stałej długości 00660nam a2200193 i 4500
001 - NUMER KONTROLNY REKORDU
pole kontrolne bg
040 ## - ŹRÓDŁO KATALOGOWANIA
Instytucja, która utworzyła rekord BPK
041 ## - KOD JĘZYKA
Kod języka tekstu pol
080 ## - UNIWERSALNA KLASYFIKACJA DZIESIĘTNA - UKD
UKD 538.9
008 - POLE O STAŁEJ DŁUGOŚCI - DANE KONTROLNE
podpole kontrolne o stałej długości s pl f |000 0 pol
245 #0 - TYTUŁ/ODPOWIEDZIALNOŚĆ
Tytuł Fizika tonkich plenok. Sovremennoje sostojanie issledovanij i techniceskie primenenija /
Pozostałe elementy strefy tytułu i oznaczenia odpowiedzialności Pod obsc. red. Maurice[a] H. Francombe[a], Richard[a] W. Hoffman[a] ; Perev. s ang. - T. 6.
260 ## - STREFA ADRESU WYDAWNICZEGO
Miejsce wydania Moskva,
Data publikacji, dystrybucji/powstania dokumentu 1973.
300 ## - STREFA OPISU FIZYCZNEGO
Objętość s. 392 :
Inne cechy fizyczne rys., ilustr.,tab.
500 ## - UWAGI OGÓLNE
Tekst uwagi [Na k. tyt. red. :] Ch. M. Frankomb, R. U. Gofman.
500 ## - UWAGI OGÓLNE
Tekst uwagi [Alf. ros.].
700 1# - HASŁO DODATKOWE - NAZWA OSOBOWA
Nazwa osobowa FRANCOMBE, Maurice H.
Określenie związku między hasłem a opisywanym materiałem Red.
700 1# - HASŁO DODATKOWE - NAZWA OSOBOWA
Nazwa osobowa HOFFMAN, Richard W.
Określenie związku między hasłem a opisywanym materiałem Red.
856 ## - LOKALIZACJA I DOSTĘP DO ELEKTRONICZNYCH DOKUMENTÓW ZDALNYCH
Link (URL) http://koha.tu.koszalin.pl/cgi-bin/koha/opac-detail.pl?biblionumber=15652
Tekst linku Katalog online BPK
942 ## - DODATKOWE ELEMENTY (KOHA)
Typ dokumentu Książka
Egzemplarze
Wycofany Status egzemplarza Uszkodzony Dostępność Lokalizacja stała Lokalizacja bieżąca Miejsce przechowywania Sygnatura Kod kreskowy Typ dokumentu Numer ubytku
      Dostępny Biblioteka Politechniki Koszalińskiej Biblioteka Politechniki Koszalińskiej Wypożyczalnia BG 16443 01735413 Książka  
  Egz. niedostępny   Niedostępny Biblioteka Politechniki Koszalińskiej Biblioteka Politechniki Koszalińskiej   16444 01735420 Książka 11577
© 2023 Biblioteka Politechniki Koszalińskiej :: KOHA